000 005910000a22001810004500
090 _aAR
_b00461
245 1 0 _aHome range dynamics and activity patterns of Microtus ochrogaster and Synaptomys cooperi in syntopy
650 1 4 _aRoedores
_97408
650 1 4 _aRango de hábitat
_993458
650 1 4 _aEtología
_97606
653 _gMicrotus
_eMicrotus ochrogaster
653 _gSynaptomys
_eSynaptomys cooperi
041 0 _aInglés
700 1 _aSwihart, Robert K.
_993416
100 1 _aDanielson, Brent J.
_993459
942 _cARTICULO
773 1 _tJournal of Mammalogy
_3106
_h1
_q160-165
_d1987
_g68
999 _c9557
_d9557